| 000 | 00456nam a2200181Ia 4500 | ||
|---|---|---|---|
| 003 | OSt | ||
| 005 | 20240206153121.0 | ||
| 008 | 230519s9999 xx 000 0 und d | ||
| 020 | _a9789350258781 | ||
| 041 | _aeng | ||
| 082 | _aCH/610.7343/CLE/DB0208 | ||
| 100 |
_aClement I _9119826 |
||
| 245 | _aManual of Community Health Nursing | ||
| 260 |
_bJaypee Brothers _aNew Delhi _c2012 |
||
| 300 | _a459p | ||
| 942 |
_2ddc _cDB |
||
| 999 |
_c159030 _d159030 |
||